00000000nam 2200000zi 4500
0019.947210
003CaOODSP
00520250121140829
006m     o  d f      
007cr |n|||||||||
008250121e20241008oncd    ob   f|0| 0 fre d
040 |aCaOODSP|bfre|erda|cCaOODSP
043 |an-cn---
0861 |aYN5-295/2024F-PDF
1001 |aCléophat, Régine, |eauteur.
24510|aAnalyse distributive du pouvoir d’achat des ménages canadiens depuis 2019 / |cRégine Cléophat, Analyste, Caroline Nicol, Conseillère-Analyste
264 1|aOttawa, Canada : |bBureau du directeur parlementaire du budget = Office of the Parliamentary Budget Officer, |c8 octobre 2024.
264 4|c©2024
300 |a1 ressource en ligne (27 pages) : |bgraphiques
336 |atexte|btxt|2rdacontent/fre
337 |ainformatique|bc|2rdamedia/fre
338 |aressource en ligne|bcr|2rdacarrier/fre
500 |aPublié aussi en anglais sous le titre : A distributional analysis of the purchasing power of Canadian houseolds since 2019.
500 |a« RP-2425-016-S_f. »
504 |aComprend des références bibliographiques (pages 26-27).
520 |a« Afin d’étudier les divergences dans l’évolution du pouvoir d’achat des ménages canadiens, ce rapport présente une analyse distributive de l’inflation et des revenus des ménages canadiens depuis le début de la pandémie de la COVID-19. Notre analyse inclut aussi un portrait du pouvoir d’achat au niveau provincial et territorial »--Résumé, page 2.
650 6|aPouvoir d'achat|zCanada.
650 6|aCoût et niveau de la vie|zCanada.
7101 |aCanada. |bBureau du Directeur parlementaire du budget, |eorganisme de publication.
77508|tA distributional analysis of the purchasing power of Canadian households since 2019 / |w(CaOODSP)9.947167
85640|qPDF|s2.94 Mo|uhttps://publications.gc.ca/collections/collection_2025/dpb-pbo/YN5-295-2024-fra.pdf